Musical Symbols #1 - Statistics

General Stats
  • This quiz has been taken 79 times
  • The average score is 12 of 16
Answer Stats
Picture Answer % Correct
Flat
98%
Sharp
98%
Treble Clef
98%
Bass Clef
94%
Forte
88%
Piano
88%
Natural
81%
Staccato
77%
Fortissimo
72%
Pianissimo
72%
Repeat
72%
Slur
72%
Tie
67%
Accent
64%
Fermata
55%
Arpeggio
22%
No matching quizzes found
Score Distribution
Percent of People with Each Score
Percentile by Number Answered
Your Score History
You have not taken this quiz